Nashtangalude Anantharavakasham (Record no. 116381)

MARC details
000 -LEADER
fixed length control field 00515nam a2200181Ia 4500
003 - CONTROL NUMBER IDENTIFIER
control field OSt
005 - DATE AND TIME OF LATEST TRANSACTION
control field 20250814143752.0
008 - FIXED-LENGTH DATA ELEMENTS--GENERAL INFORMATION
fixed length control field 211119s9999||||xx |||||||||||||| ||und||
020 ## - INTERNATIONAL STANDARD BOOK NUMBER
International Standard Book Number 978-81-264-2252-4
040 ## - CATALOGING SOURCE
Transcribing agency SBCL
082 ## - DEWEY DECIMAL CLASSIFICATION NUMBER
Classification number 894.8123
Item number DES-N
100 ## - MAIN ENTRY--PERSONAL NAME
Personal name Desai, Kiran
245 #0 - TITLE STATEMENT
Title Nashtangalude Anantharavakasham
260 ## - PUBLICATION, DISTRIBUTION, ETC.
Name of publisher, distributor, etc. D c Books
Place of publication, distribution, etc. 2011
Date of publication, distribution, etc. Kottayam
300 ## - PHYSICAL DESCRIPTION
Extent 416p.
650 ## - SUBJECT ADDED ENTRY--TOPICAL TERM
Topical term or geographic name entry element Literature & rhetoric
942 ## - ADDED ENTRY ELEMENTS (KOHA)
Koha item type BOOK
650 ## - SUBJECT ADDED ENTRY--TOPICAL TERM
Form subdivision Literatures of other languages
General subdivision Altaic, Uralic, Hyperborean & Dravidian
Holdings
Withdrawn status Lost status Source of classification or shelving scheme Damaged status Not for loan Home library Current library Date acquired Cost, normal purchase price Total Checkouts Full call number Barcode Shelving location Date last seen Price effective from Koha item type
    Dewey Decimal Classification     SB LIBRARY SB LIBRARY 19/11/2021 225.00   894.8123 DES-N 00129853 GENERAL STACK 19/11/2021 19/11/2021 BOOK

Powered by Koha